UBT Library

Medical and psychosocial aspects of chronic illness and disability / (Record no. 44569)

000 -LEADER
fixed length control field 00802cam a22002654a 4500
001 - CONTROL NUMBER
control field 13668848
005 - DATE AND TIME OF LATEST TRANSACTION
control field 20180309071846.0
008 - FIXED-LENGTH DATA ELEMENTS--GENERAL INFORMATION
fixed length control field 040726s2005 mau b 001 0 eng
010 ## - LIBRARY OF CONGRESS CONTROL NUMBER
LC control number 2004017494
020 ## - INTERNATIONAL STANDARD BOOK NUMBER
International Standard Book Number 0763744611
035 ## - SYSTEM CONTROL NUMBER
System control number (DNLM)101225300
040 ## - CATALOGING SOURCE
Original cataloging agency DNLM/DLC
Transcribing agency DLC
Modifying agency DLC
041 ## - LANGUAGE CODE
Language code of text/sound track or separate title eng
042 ## - AUTHENTICATION CODE
Authentication code pcc
060 10 - NATIONAL LIBRARY OF MEDICINE CALL NUMBER
Classification number 616.044
Item number F197m 2005
080 ## - UNIVERSAL DECIMAL CLASSIFICATION NUMBER
Universal Decimal Classification number 616.044
082 00 - DEWEY DECIMAL CLASSIFICATION NUMBER
Classification number 616.044 FAL
Edition number 22
100 1# - Rafti
Rafti 4
101 ## - Shkurtesa
Shkurtesa SHM
245 10 - TITLE STATEMENT
Title Medical and psychosocial aspects of chronic illness and disability /
Statement of responsibility, etc Donna Falvo.
504 ## - BIBLIOGRAPHY, ETC. NOTE
Bibliography, etc Includes bibliographical references and index.
906 ## - LOCAL DATA ELEMENT F, LDF (RLIN)
a 7
b cbc
c orignew
d 1
e ecip
f 20
g y-gencatlg
942 ## - ADDED ENTRY ELEMENTS (KOHA)
Source of classification or shelving scheme
Item type Books
Holdings
Withdrawn status Lost status Source of classification or shelving scheme Damaged status Not for loan Collection code Permanent location Current location Shelving location Date acquired Total Checkouts Full call number Barcode Date last seen Price effective from Koha item type
          Koleksioni i përgjithshem UBT - Lipjan UBT - Lipjan Koleksioni i përgjithshem 03/09/2018   616.044 FAL 002-3001507 03/09/2018 03/09/2018 Books
UBT Library © 2015-2024. All rights reserved University Education for Business and Technology